Single-chip 8-bit Microcontrollers. PCB83C552/562 : User manual 1989
Enregistré dans:
| Format: | Livre |
|---|---|
| Langue: | anglais |
| Publié: |
Eidhoven :
Philips Export B.V,
1989
|
| Tags: |
Pas de tags, Soyez le premier à ajouter un tag!
|
MARC
| LEADER | 00000nam a22000003a 4500 | ||
|---|---|---|---|
| 001 | stu2197 | ||
| 005 | 20150408175036.2 | ||
| 008 | 920804s1989----ne------------------eng-d | ||
| 040 | |a STU |b slo | ||
| 041 | 0 | |a eng | |
| 044 | |a ne | ||
| 080 | |a 381.32.066 | ||
| 080 | |a 519.68 | ||
| 245 | |a Single-chip 8-bit Microcontrollers. PCB83C552/562 : |b User manual 1989 | ||
| 260 | |a Eidhoven : |b Philips Export B.V, |c 1989 | ||
| 300 | |a Nestr | ||
| 996 | |b E78109 |c E*78109 |l EE30 |s P |a 0 |w stu2197_0001 | ||